000 00614nam a2200229 a 4500
999 _c11446
_d11446
001 11446
003 BD-JhCC
005 20220811134024.0
008 190919s20072003bg |||| |||| 000 0 eng d
020 _a9846431231
035 _a(BD-JhCC)11446
040 _aBD-JhCC
_dBD-JhCC
041 _aeng
082 _a428.24
_bFAR 2007
100 _aFaruk, Md. Iqbal
245 _aTest your vocabulary /
_cMd. Iqbal Faruk,
260 _aDhaka :
_bFriends' Books Center,
_c2007
300 _a358 p. :
_c21 cm.
490 _aFriends' Language Series.
650 _aVocabulary -- English Language
942 _2ddc
_cBK
_05